00658nam a2200229 a 4500001001300000003000900013005001700022008004100039020001000080082001700090100002600107245002300133260005100156300000800207500003500215650001500250700002600265902000800291942000700299952010900306999001300415nice12345678IN_TiNIC20260116011303.0050524s1937 laha grp 000 0 eng  ac10000a297.86bALI5 aAli, Maulana Muhammad aAhmadiyya Movement aLahorebAhmadiyya Anjuman Ishaat-E-Islamc1937 a51p aincludes index and biblioraphy aAhmadiyyah1 aAli, Maulana Muhammad bSRS cBK 00104070aHMIbHMId2007-07-09g100.00l1o297.86 ALI5p01274r2019-02-20s2019-02-08w2026-01-16yEB c181d181